000
00301nam a22001337a 4500
008
170612b xxu||||| |||| 00| 0 eng d
020
_a
9781403976642
041
_a
eng
080
_a
328
100
_a
19
101
_a
SHP
245
_a
THE IRAN THREAT PRESIDENT
_c
JAFARZADER.A
942
_2
udc
_c
BK
999
_c
16934
_d
16934